ՀՀ Գիտությունների ազգային ակադեմիայի հիմնարար գիտական գրադարան  =   Fundamental Scientific Library of NAS RA

Հավերժի ճամփորդը : (Record no. 139168)

MARC details
000 -LEADER
fixed length control field 00897nam a2200229 a 4500
001 - CONTROL NUMBER
control field 000363851
003 - CONTROL NUMBER IDENTIFIER
control field AM-YeHGA
005 - DATE AND TIME OF LATEST TRANSACTION
control field 20250618072243.0
008 - FIXED-LENGTH DATA ELEMENTS--GENERAL INFORMATION
fixed length control field 031011s1980 ai a||||||||||||||1|arm|d
040 ## - CATALOGING SOURCE
Original cataloging agency AM-YeHGA
041 0# - LANGUAGE CODE
Language code of text/sound track or separate title arm
090 ## - LOCALLY ASSIGNED LC-TYPE CALL NUMBER (OCLC); LOCAL CALL NUMBER (RLIN)
-- 140545
100 1# - MAIN ENTRY--PERSONAL NAME
Personal name Էմին, Գևորգ,
Dates associated with a name 1919-1998
245 10 - TITLE STATEMENT
Title Հավերժի ճամփորդը :
Remainder of title [Արձակ բանաստեղծություն] /
Statement of responsibility, etc. Գ. Էմին ; Խմբ.՝ Գ.Գ. Բալասանյան ; Նկ.՝ Մ.Ռ. Սոսոյան.
260 ## - PUBLICATION, DISTRIBUTION, ETC.
Place of publication, distribution, etc. Երևան :
Name of publisher, distributor, etc. Լույս,
Date of publication, distribution, etc. 1980.
300 ## - PHYSICAL DESCRIPTION
Extent 32 էջ ; :
Other physical details դիմանկ. ;
Dimensions 16 սմ.
650 14 - SUBJECT ADDED ENTRY--TOPICAL TERM
Topical term or geographic name entry element Հայ գրականություն
653 0# - INDEX TERM--UNCONTROLLED
Uncontrolled term Հայաստան աշխարհ
700 1# - ADDED ENTRY--PERSONAL NAME
Personal name Բալասանյան, Գրիգոր Գրիգորի,
Dates associated with a name 1919-2003
Relator term խմբ.
Relationship edt
9 (RLIN) 1913
700 1# - ADDED ENTRY--PERSONAL NAME
Personal name Սոսոյան, Միհրան Ռուբենի,
Dates associated with a name 1928-1992
Relator term նկ.
Relationship art
9 (RLIN) 2710
942 ## - ADDED ENTRY ELEMENTS (KOHA)
Source of classification or shelving scheme Universal Decimal Classification
Koha item type Գրքեր / Books
Holdings
Withdrawn status Lost status Damaged status Not for loan Collection Home library Current library Date acquired Total checkouts Full call number Barcode Date last seen Cost, replacement price Price effective from Koha item type Public note
        General Fundamental Scientific Library Fundamental Scientific Library 22/12/2016   AI/16262 FL0056999 22/12/2016 20.00 22/12/2016 Գրքեր / Books 30 Days Loan
        General Fundamental Scientific Library Fundamental Scientific Library 22/12/2016   AI/16331 FL0056783 22/12/2016 75.00 22/12/2016 Գրքեր / Books 30 Days Loan


ՀՀ ԳԱԱ հիմնարար գիտական գրադարան
ՀՀ,Երևան 0019
Մարշալ Բաղրամյան 24/6
հեռախոս:(374-10) 52-47-50
Հետադարձ կապ

All site content, except where otherwise noted, is licensed under a
Creative Commons License